000 00619nam a2200229 i 4500
001 C2-0082045
003 PPAK
005 20180727084741.0
008 970429s1978 maua|||| ||||| | eng d
020 _a0867351926
040 _aPPAK
_beng
_cPPAK
_erda
082 0 4 _a650
_223
090 0 0 _a650
_bMOT
_dG
245 0 0 _aMotivation :
_bpart II Boston
264 1 _aBoston, Massachusetts :
_bHavard Business School ,
_c1978
300 _a143 pages :
_billustrations ;
_c28 cm
336 _2rdacontent
_atext
337 _2rdamedia
_aunmediated
338 _2rdacarrier
_avolume
650 1 0 _aBusiness
942 _ddc
_cB
999 _c14998
_d14998